[Event "46th World U20 ch"]
[Site "Yerevan ARM"]
[Date "2007.10.04"]
[Round "2.17"]
[White "Laznicka, Viktor"]
[Black "Tamazian, Haik"]
[Result "1-0"]
[WhiteElo "2610"]
[BlackElo "2072"]
[EventDate "2007.10.03"]
[PlyCount "121"]

1.d4 Nf6 2.c4 e6 3.Nf3 b6 4.g3 Ba6 5.b3 Bb4+ 6.Bd2 Qe7 7.Bg2 Bb7 8.O-O 
Bxd2 9.Qxd2 O-O 10.Nc3 a5 11.d5 Na6 12.Nd4 Nc5 13.e4 d6 14.Rae1 Nfd7 15.f4
e5 16.Nf5 Qf6 17.h4 Rae8 18.h5 h6 19.Nd1 exf4 20.gxf4 Nxe4 21.Bxe4 Rxe4 
22.Nxh6+ Qxh6 23.Rxe4 Nf6 24.Re2 Bc8 25.f5 Qxd2 26.Rxd2 Nxh5 27.Rf3 Re8 
28.Ne3 Re4 29.Rh2 Nf4 30.Kf1 g5 31.Rg3 f6 32.Ng4 Rd4 33.Re3 Rd1+ 34.Kf2 
Rd2+ 35.Kg3 Rxh2 36.Kxh2 Kf7 37.Nh6+ Kf8 38.Ng8 Bxf5 39.Nxf6 Kf7 40.Ne8 
Ne6 41.Nxd6+ cxd6 42.dxe6+ Bxe6 43.Kg3 Ke7 44.Kf3 Kd7 45.Ke4 g4 46.Re2 Kc6
47.Kd4 Bd7 48.Re7 Bf5 49.Rg7 Be6 50.a3 Bc8 51.Rg6 Bb7 52.Rxg4 Kd7 53.Rg7+ 
Kc8 54.Ke3 Bc6 55.Kf4 d5 56.Ke5 dxc4 57.bxc4 Kb8 58.Kd6 Bf3 59.Re7 Kc8 60.
Re3 Bg2 61.Rb3 1-0

[Event "46th World U20 ch"]
[Site "Yerevan ARM"]
[Date "2007.10.04"]
[Round "2.18"]
[White "Ragger, Markus"]
[Black "Nithander, Victor"]
[Result "1-0"]
[WhiteElo "2528"]
[BlackElo "2367"]
[EventDate "2007.10.03"]
[PlyCount "47"]

1.e4 c5 2.Nf3 d6 3.d4 cxd4 4.Nxd4 Nf6 5.Nc3 g6 6.Be3 Bg7 7.f3 Nc6 8.Qd2 
O-O 9.Bc4 Nd7 10.h4 Nde5 11.Bb3 Na5 12.Qe2 Nxb3 13.axb3 f5 14.h5 f4 15.Bf2
g5 16.h6 Bh8 17.g3 fxg3 18.Bxg3 g4 19.f4 Ng6 20.f5 Ne5 21.Rg1 e6 22.fxe6 
Ng6 23.Qc4 Qe8 24.O-O-O 1-0

[Event "46th World U20 ch"]
[Site "Yerevan ARM"]
[Date "2007.10.04"]
[Round "2.19"]
[White "Banusz, Tamas"]
[Black "Khamrakulov, Dzhurabek"]
[Result "1/2-1/2"]
[WhiteElo "2491"]
[BlackElo "2359"]
[EventDate "2007.10.03"]
[PlyCount "82"]

1.d4 d5 2.c4 e6 3.Nc3 c5 4.cxd5 exd5 5.Nf3 Nc6 6.g3 Nf6 7.Bg2 Be7 8.O-O 
O-O 9.Be3 b6 10.Rc1 Bb7 11.Bg5 cxd4 12.Nxd4 Nxd4 13.Qxd4 h6 14.Bxf6 Bxf6 
15.Qb4 Qd7 16.Nxd5 Bxd5 17.Rcd1 a5 18.Qd2 Qb5 19.Bxd5 Rad8 20.b3 Rfe8 21.
Rfe1 Bc3 22.Bxf7+ Kxf7 23.Qxc3 Rxd1 24.Rxd1 Qxe2 25.Rd7+ Re7 26.Rxe7+ Qxe7
27.Qc4+ Kf8 28.Qf4+ Kg8 29.Qb8+ Kh7 30.Qf4 Qe1+ 31.Kg2 Qb1 32.Qd2 a4 33.
Qb4 a3 34.Qxa3 Qe4+ 35.Kf1 Qb1+ 36.Ke2 Qe4+ 37.Kd2 Qd4+ 38.Ke1 Qe4+ 39.Kf1
Qh1+ 40.Ke2 Qe4+ 41.Kd2 Qd4+ 1/2-1/2

[Event "46th World U20 ch"]
[Site "Yerevan ARM"]
[Date "2007.10.04"]
[Round "2.20"]
[White "Fusco, Leonardo"]
[Black "Brandenburg, Daan"]
[Result "1/2-1/2"]
[WhiteElo "2341"]
[BlackElo "2483"]
[EventDate "2007.10.03"]
[PlyCount "49"]

1.e4 c5 2.Nf3 d6 3.d4 cxd4 4.Nxd4 Nf6 5.Nc3 Nc6 6.Bg5 e6 7.Qd2 a6 8.O-O-O 
Bd7 9.f4 b5 10.Bxf6 gxf6 11.Nxc6 Bxc6 12.Qe1 Ra7 13.Bd3 Rg8 14.g3 Qb6 15.
Kb1 a5 16.Qe2 Rb7 17.Qh5 Bg7 18.f5 b4 19.Ne2 e5 20.Qf3 Qc5 21.b3 Rc7 22.
Bc4 Bh6 23.Rd3 a4 24.Rhd1 Bf8 25.g4 1/2-1/2

[Event "46th World U20 ch"]
[Site "Yerevan ARM"]
[Date "2007.10.04"]
[Round "2.23"]
[White "Ter-Sahakyan, Samvel"]
[Black "Alvarez Ramirez, Miguel Angel"]
[Result "1-0"]
[WhiteElo "2389"]
[BlackElo "2204"]
[EventDate "2007.10.03"]
[PlyCount "129"]

1.e4 c5 2.Nf3 d6 3.d4 cxd4 4.Nxd4 Nf6 5.Nc3 a6 6.Be3 e5 7.Nf3 Be7 8.Bc4 
O-O 9.O-O Be6 10.Bb3 Nc6 11.Bg5 Na5 12.Bxf6 Bxf6 13.Nd5 Nxb3 14.axb3 Bg5 
15.Qd3 Bh6 16.Rad1 f5 17.Nc3 fxe4 18.Nxe4 d5 19.Qc3 d4 20.Qc5 Qd5 21.Qd6 
Qxd6 22.Nxd6 Bg4 23.Rfe1 Bf4 24.h3 Bxf3 25.gxf3 Rf6 26.Ne4 Rg6+ 27.Kf1 Rh6
28.c3 Rxh3 29.Ke2 Rd8 30.Nc5 Rc8 31.b4 b6 32.Ne4 a5 33.bxa5 bxa5 34.Ra1 
Rb8 35.Reb1 Rh6 36.Rxa5 dxc3 37.Nxc3 Rhb6 38.Na4 Rb4 39.Kf1 Rd8 40.Ra7 Rd2
41.b3 h5 42.Nc5 Bh6 43.Rb7 Rf4 44.Kg2 Rd6 45.b4 Rg6+ 46.Kf1 Rxf3 47.b5 
Rgf6 48.Rb8+ Kh7 49.Ne4 R6f4 50.Rb4 Rf8 51.Rxf8 Rxf8 52.b6 Be3 53.b7 Ba7 
54.Ra4 Bb8 55.Ra8 h4 56.Kg2 Rh8 57.Kh3 Rd8 58.Kxh4 Kg6 59.Kg4 Rd4 60.f3 
Rd8 61.Nc3 Rd4+ 62.Kh3 Bd6 63.Rd8 Bc7 64.Rc8 Bd6 65.Ne4 1-0

[Event "46th World U20 ch"]
[Site "Yerevan ARM"]
[Date "2007.10.04"]
[Round "2.24"]
[White "Khairullin, Ildar"]
[Black "Vardanian, Haik"]
[Result "1-0"]
[WhiteElo "2567"]
[BlackElo "2118"]
[EventDate "2007.10.03"]
[PlyCount "73"]

1.e4 c5 2.Nf3 e6 3.d4 cxd4 4.Nxd4 a6 5.Bd3 Nc6 6.Nxc6 dxc6 7.O-O e5 8.Nd2 
Qc7 9.f4 Nf6 10.Nc4 Ng4 11.Qf3 Be6 12.h3 Bc5+ 13.Kh1 h5 14.fxe5 O-O-O 15.
Bf4 Bxc4 16.Bxc4 Nxe5 17.Bxe5 Qxe5 18.Qf5+ Qxf5 19.Rxf5 Be7 20.Bxf7 Rd2 
21.Bxh5 Rxc2 22.Bg4 Kb8 23.e5 Rxb2 24.Rf7 Bc5 25.e6 Rb4 26.Bf5 Re8 27.Rc1 
g6 28.Rxc5 gxf5 29.e7 Re4 30.Rcxf5 R8xe7 31.Rxe7 Rxe7 32.h4 Kc7 33.h5 Kd6 
34.g4 c5 35.h6 c4 36.g5 c3 37.g6 1-0

[Event "46th World U20 ch"]
[Site "Yerevan ARM"]
[Date "2007.10.04"]
[Round "2.26"]
[White "Corrales Jimenez, Fidel"]
[Black "Pancevski, Filip"]
[Result "1/2-1/2"]
[WhiteElo "2513"]
[BlackElo "2340"]
[EventDate "2007.10.03"]
[PlyCount "105"]

1.e4 e5 2.Nf3 Nc6 3.d4 exd4 4.Nxd4 Qf6 5.Be3 Bc5 6.c3 Nge7 7.g3 h5 8.Nc2 
Bxe3 9.Nxe3 d6 10.Bg2 Ne5 11.f4 Ng4 12.Qe2 Nxe3 13.Qxe3 Nc6 14.Nd2 Bd7 15.
Nf3 Qe7 16.O-O O-O 17.Rae1 Rae8 18.Nh4 Qf6 19.b4 a6 20.a4 Nd8 21.a5 Nc6 
22.Rd1 Be6 23.h3 Bc4 24.Rf2 Be6 25.Kh2 Qh6 26.Qd3 Bc8 27.Rb1 Qf6 28.Rbf1 
Qh6 29.Bf3 Rd8 30.Bd1 Rde8 31.Bb3 Re7 32.e5 Kh8 33.exd6 cxd6 34.Rd1 Qf6 
35.Bc2 g6 36.f5 g5 37.Nf3 Rd8 38.Qd2 g4 39.Ng5 d5 40.hxg4 Ne5 41.Kg2 Nxg4 
42.Ne4 Rxe4 43.Bxe4 Nxf2 44.Kxf2 Bxf5 45.Bxf5 Qxf5+ 46.Kg1 Rg8 47.Re1 Qf6 
48.Qd3 Kg7 49.Re2 Rc8 50.Re3 Rd8 51.Rf3 Qg5 52.Re3 Qf6 53.Rf3 1/2-1/2

[Event "46th World U20 ch"]
[Site "Yerevan ARM"]
[Date "2007.10.05"]
[Round "3.7"]
[White "Stellwagen, Daniel"]
[Black "Ashwin, Jayaram"]
[Result "1-0"]
[WhiteElo "2639"]
[BlackElo "2478"]
[EventDate "2007.10.03"]
[PlyCount "113"]

1.e4 c5 2.Nf3 d6 3.d4 cxd4 4.Nxd4 Nf6 5.Nc3 a6 6.Be3 Ng4 7.Bc1 Nf6 8.f4 e5
9.Nf3 Nbd7 10.a4 Be7 11.Bc4 Qa5 12.Qe2 b5 13.Ba2 b4 14.Nd5 Nxd5 15.Bxd5 
Rb8 16.O-O O-O 17.fxe5 dxe5 18.Be3 Bb7 19.Rfd1 Bc5 20.Bxc5 Qxc5+ 21.Kh1 
Nf6 22.Nxe5 Bxd5 23.exd5 Rfe8 24.Qc4 Rbc8 25.Qxc5 Rxc5 26.Nd3 Rxc2 27.Nxb4
Rxb2 28.Nxa6 Ree2 29.Rab1 Rxb1 30.Rxb1 g6 31.Nb4 Rd2 32.a5 Nxd5 33.Nxd5 
Rxd5 34.Ra1 Rd7 35.a6 Ra7 36.Kg1 f5 37.Kf2 Kf7 38.Ke3 Ke6 39.Kd4 Kd6 40.h4
Kc7 41.Ke3 Kb8 42.Rb1+ Ka8 43.Rb6 Re7+ 44.Kf3 Re4 45.h5 Rg4 46.Rf6 gxh5 
47.Rxf5 Rh4 48.Rf7 h6 49.Rh7 Rh1 50.Rxh6 h4 51.g3 h3 52.Kg4 Ra1 53.Rxh3 
Ra4+ 54.Kh5 Ra5+ 55.Kh4 Rxa6 56.g4 Kb8 57.Rc3 1-0

[Event "46th World U20 ch"]
[Site "Yerevan ARM"]
[Date "2007.10.05"]
[Round "3.8"]
[White "Grigorian, Avetik"]
[Black "Laznicka, Viktor"]
[Result "0-1"]
[WhiteElo "2489"]
[BlackElo "2610"]
[EventDate "2007.10.03"]
[PlyCount "56"]

1.d4 Nf6 2.c4 e6 3.Nf3 d5 4.g3 dxc4 5.Bg2 Bb4+ 6.Bd2 a5 7.Qc2 Bxd2+ 8.
Nbxd2 b5 9.a4 c6 10.O-O O-O 11.e4 Na6 12.e5 Nb4 13.Qb1 Nfd5 14.Ne4 Ba6 15.
Rd1 Nd3 16.Nc5 Nxc5 17.dxc5 Qe7 18.Rd4 Rfd8 19.Rg4 Nb4 20.Qe4 Rd5 21.Ng5 
g6 22.h4 Nd3 23.Nxh7 Kxh7 24.h5 Kg7 25.hxg6 Nxe5 26.gxf7+ Nxg4 27.Qxg4+ 
Rg5 28.Qf4 Rf8 0-1

[Event "46th World U20 ch"]
[Site "Yerevan ARM"]
[Date "2007.10.05"]
[Round "3.9"]
[White "Meier, Georg"]
[Black "Nigalidze, Gaioz"]
[Result "1-0"]
[WhiteElo "2558"]
[BlackElo "2440"]
[EventDate "2007.10.03"]
[PlyCount "65"]

1.e4 c5 2.Nf3 Nc6 3.Bb5 g6 4.Bxc6 dxc6 5.d3 Bg7 6.h3 Nf6 7.Nc3 Nd7 8.Be3 
e5 9.Qd2 h6 10.O-O Qe7 11.Nh2 Nf8 12.f4 exf4 13.Bxf4 Ne6 14.Bg3 Nd4 15.
Rae1 O-O 16.e5 Nf5 17.Bf2 h5 18.Nf3 b6 19.Ne4 Rd8 20.g4 Bh6 21.Qc3 Nd4 22.
Bxd4 cxd4 23.Nxd4 Bb7 24.Nf6+ Kh8 25.e6 Bg7 26.exf7 Qxf7 27.Ne6 Rd6 28.
Nxg7 Qxg7 29.Ne8 Qxc3 30.bxc3 Rd7 31.Rf8+ Kh7 32.Nf6+ Kg7 33.Nxd7 1-0

[Event "46th World U20 ch"]
[Site "Yerevan ARM"]
[Date "2007.10.05"]
[Round "3.11"]
[White "Popov, Ivan"]
[Black "Ter-Sahakyan, Samvel"]
[Result "1-0"]
[WhiteElo "2539"]
[BlackElo "2389"]
[EventDate "2007.10.03"]
[PlyCount "63"]

1.e4 c5 2.Nf3 d6 3.d4 cxd4 4.Nxd4 Nf6 5.Nc3 e6 6.Be2 a6 7.O-O Be7 8.f4 Nc6
9.Be3 O-O 10.a4 Qc7 11.Kh1 Bd7 12.Nb3 b6 13.Bf3 Rab8 14.g4 Bc8 15.g5 Nd7 
16.Bg2 Bb7 17.Rf3 Rfe8 18.Rh3 Na5 19.Qh5 Nf8 20.Rf1 Nxb3 21.cxb3 b5 22.
axb5 axb5 23.f5 exf5 24.exf5 Bxg2+ 25.Kxg2 Bd8 26.f6 Qb7+ 27.Rff3 Rxe3 28.
fxg7 Re5 29.gxf8=Q+ Kxf8 30.Qxh7 Bxg5 31.Qg6 Bf4 32.Qf6 1-0

[Event "46th World U20 ch"]
[Site "Yerevan ARM"]
[Date "2007.10.05"]
[Round "3.13"]
[White "Amin, Bassem"]
[Black "Vandenbussche, Thibaut"]
[Result "1-0"]
[WhiteElo "2561"]
[BlackElo "2205"]
[EventDate "2007.10.03"]
[PlyCount "71"]

1.e4 g6 2.Nf3 Bg7 3.d3 d6 4.g3 e5 5.Bg2 Ne7 6.O-O O-O 7.c3 c5 8.a3 b6 9.
Nbd2 Bb7 10.b4 cxb4 11.axb4 d5 12.Re1 Nbc6 13.b5 Na5 14.Ba3 Re8 15.exd5 
Qxd5 16.Ne4 Rad8 17.c4 Nxc4 18.Nfd2 Qxd3 19.Bxe7 Nxd2 20.Bxd8 Rxd8 21.Nxd2
Bxg2 22.Kxg2 Qxd2 23.Qxd2 Rxd2 24.Rxa7 Rd5 25.Rc1 Bf8 26.Rc8 Kg7 27.Rcc7 
Rxb5 28.Rxf7+ Kg8 29.Rxh7 Rb2 30.Rhc7 e4 31.Kf1 Rb1+ 32.Ke2 Rb2+ 33.Ke3 
Bc5+ 34.Kxe4 Rxf2 35.Rc8+ Bf8 36.Rc6 1-0

[Event "46th World U20 ch"]
[Site "Yerevan ARM"]
[Date "2007.10.05"]
[Round "3.14"]
[White "Abhishek, Das"]
[Black "Khairullin, Ildar"]
[Result "1-0"]
[WhiteElo "2383"]
[BlackElo "2567"]
[EventDate "2007.10.03"]
[PlyCount "57"]

1.e4 e5 2.Nf3 Nc6 3.Nc3 Nf6 4.Bb5 Bb4 5.O-O O-O 6.d3 d6 7.Bg5 Bxc3 8.bxc3 
Bd7 9.d4 Re8 10.Bd3 h6 11.Bh4 Bg4 12.d5 Nb8 13.Rb1 g5 14.Bg3 Nbd7 15.h3 
Bh5 16.Qe2 Nc5 17.Qe3 Bxf3 18.Qxf3 Kg7 19.h4 Nxd5 20.exd5 e4 21.Qg4 exd3 
22.cxd3 b6 23.f4 Qd7 24.Qh5 g4 25.f5 Nxd3 26.Rbd1 Re3 27.Rxd3 Rxd3 28.f6+ 
Kh7 29.Bf4 1-0

[Event "46th World U20 ch"]
[Site "Yerevan ARM"]
[Date "2007.10.05"]
[Round "3.15"]
[White "Feller, Sebastien"]
[Black "Benidze, Davit"]
[Result "1/2-1/2"]
[WhiteElo "2513"]
[BlackElo "2365"]
[EventDate "2007.10.03"]
[PlyCount "82"]

1.d4 Nf6 2.c4 e6 3.Nf3 b6 4.g3 Ba6 5.b3 c6 6.Bg2 d5 7.O-O Be7 8.Ne5 Nfd7 
9.Nxd7 Nxd7 10.Nd2 b5 11.cxd5 cxd5 12.e4 Nb6 13.e5 b4 14.Re1 O-O 15.Bf1 
Bxf1 16.Nxf1 Qd7 17.Qg4 Rfc8 18.Bh6 Bf8 19.Ne3 Rc3 20.Bg5 a5 21.f4 a4 22.
bxa4 Nc4 23.f5 Nxe3 24.fxe6 Qxe6 25.Qxe6 fxe6 26.Bxe3 Rxa4 27.Re2 Rca3 28.
Bc1 Rc3 29.Kf2 Be7 30.Rb1 Rc4 31.Be3 Ra3 32.Rb3 Rxb3 33.axb3 Rc3 34.Rb2 h6
35.h4 Kf7 36.Ke2 Kg6 37.Bf2 Kf5 38.Be1 Rc1 39.Ra2 Rb1 40.Ra7 Bd8 41.Rxg7 
Rxb3 1/2-1/2

[Event "46th World U20 ch"]
[Site "Yerevan ARM"]
[Date "2007.10.05"]
[Round "3.17"]
[White "Deepan Chakravarthy, Jeyakumar"]
[Black "Nasri, Amin"]
[Result "1-0"]
[WhiteElo "2492"]
[BlackElo "2364"]
[EventDate "2007.10.03"]
[PlyCount "51"]

1.e4 e5 2.Nf3 Nf6 3.Nxe5 d6 4.Nf3 Nxe4 5.d4 d5 6.Bd3 Nc6 7.O-O Bg4 8.c4 
Nf6 9.Nc3 Bxf3 10.Qxf3 Nxd4 11.Qh3 Be7 12.Bg5 dxc4 13.Bxc4 Qc8 14.Qd3 Ne6 
15.Bxf6 Bxf6 16.Nd5 Bd8 17.Qa3 c6 18.Rfe1 b5 19.Bd3 Qd7 20.Nf4 Be7 21.Nxe6
fxe6 22.Qb3 Qd5 23.Qc2 Kf7 24.Rad1 Rac8 25.Qe2 Qxa2 26.Bf5 1-0

[Event "46th World U20 ch"]
[Site "Yerevan ARM"]
[Date "2007.10.05"]
[Round "3.18"]
[White "Kalashian, David"]
[Black "Banusz, Tamas"]
[Result "0-1"]
[WhiteElo "2361"]
[BlackElo "2491"]
[EventDate "2007.10.03"]
[PlyCount "146"]

1.Nf3 Nf6 2.c4 c6 3.e3 d5 4.Nc3 e6 5.b3 Bd6 6.Bb2 Nbd7 7.Qc2 O-O 8.d4 b6 
9.Bd3 Bb7 10.O-O Re8 11.Rad1 Qc7 12.h3 h6 13.Rfe1 Rad8 14.e4 dxe4 15.Nxe4 
Be7 16.Ne5 c5 17.Nxd7 Nxd7 18.dxc5 bxc5 19.Qe2 f5 20.Ng3 Bf6 21.Bxf6 Nxf6 
22.Bb1 Rxd1 23.Rxd1 g6 24.Qd2 Kg7 25.Qd6 Qxd6 26.Rxd6 Kf7 27.f3 Ke7 28.Rd1
Bc6 29.Kf2 Rb8 30.Ne2 Nd7 31.Bc2 Ne5 32.Re1 Rd8 33.Rd1 Rxd1 34.Bxd1 g5 35.
Bc2 Kf6 36.Nc1 h5 37.Bd1 h4 38.Be2 Ke7 39.Bf1 Kd6 40.Ke3 a5 41.a3 Be8 42.
f4 gxf4+ 43.Kxf4 Nf7 44.Na2 Bd7 45.b4 axb4 46.axb4 cxb4 47.Nxb4 Kc5 48.Nc2
e5+ 49.Ke3 Bc6 50.Na1 Kb4 51.Kd2 Ba4 52.Bd3 Nd6 53.Ke2 f4 54.Kf3 Bd1+ 55.
Be2 e4+ 56.Kxf4 Bxe2 57.Nc2+ Kxc4 58.Ne3+ Kd3 59.Nd5 Kd4 60.Ne3 Bb5 61.
Nc2+ Kd3 62.Nb4+ Kc4 63.Nc2 Kc3 64.Ne3 Kd2 65.Nd5 Bc4 66.Ne3 Be6 67.g3 
hxg3 68.Nf1+ Kd3 69.Nxg3 e3 70.h4 Ne4 71.Nxe4 e2 72.Nc5+ Kc4 73.Nxe6 e1=Q 
0-1

[Event "46th World U20 ch"]
[Site "Yerevan ARM"]
[Date "2007.10.05"]
[Round "3.20"]
[White "Sanikidze, Tornike"]
[Black "Fusco, Leonardo"]
[Result "1-0"]
[WhiteElo "2455"]
[BlackElo "2341"]
[EventDate "2007.10.03"]
[PlyCount "99"]

1.d4 Nf6 2.Nf3 g6 3.c4 Bg7 4.Nc3 O-O 5.e4 d6 6.h3 e5 7.d5 Nbd7 8.Bg5 a5 9.
Nd2 c6 10.Be2 Nc5 11.O-O h6 12.Be3 Nfd7 13.dxc6 bxc6 14.Nb3 Nb7 15.Na4 c5 
16.Qd2 Kh7 17.Rad1 Ra6 18.Qc2 Qe7 19.Nc3 Nb8 20.Nd5 Qd8 21.Nd2 Nc6 22.a3 
a4 23.Rfe1 Nd4 24.Bxd4 exd4 25.Bd3 Re8 26.f4 Bd7 27.Nf3 Na5 28.e5 dxe5 29.
Nxe5 Rae6 30.Rf1 Rf8 31.Nxd7 Qxd7 32.f5 Rd6 33.fxg6+ fxg6 34.Bxg6+ Rxg6 
35.Rxf8 Qxh3 36.Nf6+ Bxf6 37.Qxg6+ Kxg6 38.gxh3 Nxc4 39.Rc1 Nxb2 40.Rxc5 
Bg5 41.Kf1 d3 42.Rg8+ Kh5 43.Rgxg5+ hxg5 44.Ke1 Kh4 45.Kd2 Kxh3 46.Rxg5 
Nc4+ 47.Kxd3 Nxa3 48.Rc5 Kg3 49.Kc3 Nb1+ 50.Kc2 1-0

[Event "46th World U20 ch"]
[Site "Yerevan ARM"]
[Date "2007.10.05"]
[Round "3.22"]
[White "Melkumian, Hrant"]
[Black "Kulakov, Viacheslav"]
[Result "1-0"]
[WhiteElo "2469"]
[BlackElo "2261"]
[EventDate "2007.10.03"]
[PlyCount "57"]

1.d4 d5 2.c4 e6 3.Nf3 Nf6 4.g3 c6 5.Bg2 Bd6 6.O-O O-O 7.Nc3 Nbd7 8.Nd2 Re8
9.e4 dxe4 10.Ndxe4 Bc7 11.Be3 e5 12.d5 cxd5 13.Nxf6+ Nxf6 14.Nxd5 Nxd5 15.
Bxd5 Be6 16.Bxb7 Rb8 17.Bc6 Bxc4 18.Bxe8 Qxe8 19.Re1 Ba5 20.Bd2 Bb6 21.b3 
Ba6 22.Qg4 Bc8 23.Qe2 Bb7 24.Rac1 f6 25.Be3 Bxe3 26.Qxe3 Rd8 27.Qxa7 Qd7 
28.Qe3 Qg4 29.Qe2 1-0

[Event "46th World U20 ch"]
[Site "Yerevan ARM"]
[Date "2007.10.05"]
[Round "3.23"]
[White "Khamrakulov, Dzhurabek"]
[Black "Hungaski, Robert"]
[Result "1-0"]
[WhiteElo "2359"]
[BlackElo "2432"]
[EventDate "2007.10.03"]
[PlyCount "69"]

1.e4 c5 2.Nf3 d6 3.d4 cxd4 4.Nxd4 Nf6 5.Nc3 a6 6.Be2 e5 7.Nb3 Be7 8.O-O 
O-O 9.a4 Be6 10.f4 exf4 11.Bxf4 Nc6 12.Kh1 d5 13.e5 Ne4 14.Bd3 f5 15.exf6 
Bxf6 16.Nxe4 dxe4 17.Nc5 Qe7 18.Nxe6 Qxe6 19.Qe2 Kh8 20.c3 Rae8 21.Rae1 
Bh4 22.g3 Qh3 23.Bc2 Bd8 24.Qg2 Qxg2+ 25.Kxg2 b5 26.Bxe4 Na5 27.axb5 axb5 
28.Bd3 Nc4 29.Bxc4 bxc4 30.Bd6 Rg8 31.Rxe8 Rxe8 32.Rf4 Kg8 33.Rxc4 Re2+ 
34.Kf3 Rd2 35.Bf4 1-0

[Event "46th World U20 ch"]
[Site "Yerevan ARM"]
[Date "2007.10.05"]
[Round "3.24"]
[White "Llaneza Vega, Marcos"]
[Black "Shamieh, Mahmoud"]
[Result "1-0"]
[WhiteElo "2426"]
[BlackElo "2203"]
[EventDate "2007.10.03"]
[PlyCount "81"]

1.e4 e5 2.Nf3 Nc6 3.Nc3 Nf6 4.Bb5 Bb4 5.O-O d6 6.Nd5 Ba5 7.d4 Nd7 8.c3 a6 
9.Bc4 O-O 10.Bg5 Qe8 11.b4 Bb6 12.a4 a5 13.b5 Nd8 14.dxe5 dxe5 15.Be7 c6 
16.Nxb6 Nxb6 17.Bxf8 Nxc4 18.Bc5 b6 19.Be3 cxb5 20.axb5 Bb7 21.Qd3 Rc8 22.
Nd2 Nxe3 23.Qxe3 Qxb5 24.Rfb1 Qc5 25.Qxc5 Rxc5 26.Rxb6 Rxc3 27.Rxa5 Rd3 
28.Nf1 f6 29.f3 Kf7 30.Ra7 Rd7 31.Ne3 Bc6 32.Rxd7+ Bxd7 33.Ra6 g6 34.Ra7 
Ke6 35.Nd5 f5 36.Nb6 Bc6 37.exf5+ gxf5 38.Rxh7 e4 39.fxe4 fxe4 40.Nc4 Kd5 
41.Ne3+ 1-0

[Event "46th World U20 ch"]
[Site "Yerevan ARM"]
[Date "2007.10.05"]
[Round "3.26"]
[White "Tamazian, Haik"]
[Black "Gerzhoy, Leonid"]
[Result "1-0"]
[WhiteElo "2072"]
[BlackElo "2415"]
[EventDate "2007.10.03"]
[PlyCount "119"]

1.e4 c5 2.Nf3 Nc6 3.Bb5 g6 4.Bxc6 dxc6 5.d3 Bg7 6.O-O Nf6 7.Nbd2 O-O 8.a4 
Bg4 9.h3 Bxf3 10.Qxf3 Nd7 11.Qe2 e5 12.Nc4 Qe7 13.Kh1 f5 14.exf5 gxf5 15.
f4 Rae8 16.Qf2 e4 17.dxe4 fxe4 18.Be3 Qe6 19.Qe2 b5 20.axb5 cxb5 21.Nd2 a6
22.c3 c4 23.Rae1 Qd5 24.Rd1 Qe6 25.Rde1 Rf7 26.Rf2 a5 27.Ref1 a4 28.f5 Qd5
29.Rf4 a3 30.bxa3 Bxc3 31.Rg4+ Kh8 32.Bh6 Qd3 33.Qxd3 exd3 34.Ne4 Be5 35.
f6 Nxf6 36.Nxf6 d2 37.Bxd2 Bxf6 38.Rxf6 Rxf6 39.Bc3 Re6 40.Kh2 Ra6 41.h4 
h6 42.Rg6 Kh7 43.Rxf6 Rxa3 44.Bd2 c3 45.Rxh6+ Kg7 46.Bg5 b4 47.Rc6 Ra5 48.
Bf6+ Kf7 49.Bxc3 bxc3 50.Rxc3 Kg6 51.Kh3 Ra4 52.g4 Rb4 53.Rc6+ Kg7 54.h5 
Ra4 55.Kh4 Ra5 56.h6+ Kh7 57.g5 Ra1 58.Rc7+ Kg6 59.Rg7+ Kf5 60.h7 1-0

[Event "46th World U20 ch"]
[Site "Yerevan ARM"]
[Date "2007.10.05"]
[Round "3.27"]
[White "Simonian, Hrair"]
[Black "Garcia Cardenas, Pablo"]
[Result "1/2-1/2"]
[WhiteElo "2405"]
[BlackElo "2149"]
[EventDate "2007.10.03"]
[PlyCount "127"]

1.e4 e5 2.Nf3 Nc6 3.Bb5 a6 4.Bxc6 dxc6 5.Nc3 Bc5 6.d3 Qf6 7.Bg5 Qg6 8.Qe2 
f6 9.Be3 Bb4 10.Bd2 Ne7 11.O-O-O Qf7 12.a3 Bd6 13.d4 Bg4 14.Be3 Ng6 15.
dxe5 Bxf3 16.Qxf3 Nxe5 17.Qf5 g6 18.Qh3 b5 19.f4 Nc4 20.e5 fxe5 21.fxe5 
Nxe5 22.Bh6 Qf5 23.Qxf5 gxf5 24.Bg7 O-O-O 25.Bxh8 Rxh8 26.Rdf1 Rf8 27.Ne2 
Kd7 28.g3 c5 29.h3 a5 30.Rf2 b4 31.a4 b3 32.Rhf1 bxc2 33.Rxf5 Rb8 34.Kxc2 
Nc4 35.Rf7+ Kc6 36.Rb1 Re8 37.Nf4 Re3 38.Rg1 Rf3 39.Rxh7 Rf2+ 40.Kc3 Nxb2 
41.Rg2 Be5+ 42.Kb3 Rf3+ 43.Kc2 Nxa4 44.Rh5 Bd6 45.Ne2 Nb6 46.g4 Nd5 47.Kd2
a4 48.g5 a3 49.g6 a2 50.Rg1 Nf6 51.g7 Rf2 52.Ra1 Rg2 53.Rf5 Ne8 54.Rxa2 
Nxg7 55.Rf3 Ne6 56.Ke3 Ng5 57.Rf5 Nxh3 58.Kd2 Rg4 59.Rh5 Ng5 60.Nc3 Ne6 
61.Rh1 Bf4+ 62.Kc2 Rg2+ 63.Kb3 Rg3 64.Kc4 1/2-1/2

[Event "46th World U20 ch"]
[Site "Yerevan ARM"]
[Date "2007.10.05"]
[Round "3.28"]
[White "Arun, Karthik Ravichandra"]
[Black "Vlashki, Nino"]
[Result "0-1"]
[WhiteElo "2391"]
[BlackElo "2077"]
[EventDate "2007.10.03"]
[PlyCount "58"]

1.e4 e5 2.Nf3 Nc6 3.Bb5 a6 4.Ba4 Nf6 5.O-O b5 6.Bb3 Bc5 7.c3 d6 8.d4 Bb6 
9.Be3 Bg4 10.d5 Ne7 11.Bxb6 cxb6 12.h3 Bh5 13.Qd3 g5 14.Nbd2 Ng6 15.Nh2 g4
16.hxg4 Bxg4 17.Nxg4 Nxg4 18.Qh3 h5 19.g3 Qc8 20.Nf3 h4 21.Bd1 hxg3 22.
Qxg3 Nf6 23.Ng5 Ke7 24.a4 Qc4 25.b3 Rh1+ 26.Kxh1 Qxf1+ 27.Kh2 Rh8+ 28.Nh3 
Nf4 29.Bh5 Qxa1 0-1

[Event "46th World U20 ch"]
[Site "Yerevan ARM"]
[Date "2007.10.05"]
[Round "3.29"]
[White "Pancevski, Filip"]
[Black "Vovk, Yuriy"]
[Result "0-1"]
[WhiteElo "2340"]
[BlackElo "2561"]
[EventDate "2007.10.03"]
[PlyCount "40"]

1.e4 c5 2.Ne2 d6 3.Nbc3 Nf6 4.g3 Nc6 5.Bg2 g6 6.O-O Bg7 7.d3 O-O 8.h3 Rb8 
9.g4 b5 10.Ng3 Nd7 11.f4 c4 12.Kh1 b4 13.Nce2 Qb6 14.f5 cxd3 15.cxd3 b3 
16.Nc3 Bxc3 17.bxc3 b2 18.Bxb2 Qxb2 19.Rc1 Ba6 20.Rg1 Qf2 0-1

[Event "46th World U20 ch"]
[Site "Yerevan ARM"]
[Date "2007.10.05"]
[Round "3.30"]
[White "Pileckis, Emilis"]
[Black "Corrales Jimenez, Fidel"]
[Result "0-1"]
[WhiteElo "2349"]
[BlackElo "2513"]
[EventDate "2007.10.03"]
[PlyCount "150"]

1.Nf3 Nf6 2.c4 c5 3.d4 cxd4 4.Nxd4 g6 5.Nc3 Bg7 6.e4 Nc6 7.Be3 Ng4 8.Qxg4 
Nxd4 9.Qd1 e5 10.Bxd4 exd4 11.Nd5 O-O 12.Bd3 d6 13.O-O Be6 14.Nf4 Rc8 15.
Nxe6 fxe6 16.Qa4 a6 17.Qb3 Qe7 18.Be2 Kh8 19.Rae1 Rf7 20.g3 Rcf8 21.Kg2 e5
22.Rd1 Qc7 23.Rd3 Qc6 24.f3 Bh6 25.h4 g5 26.hxg5 Bxg5 27.Rh1 Rg7 28.Rh3 
Qe8 29.Rd1 Qg6 30.Rdh1 Bf4 31.g4 Qf6 32.Qd1 Bg5 33.Bd3 Qf4 34.Qe2 Rgf7 35.
Rd1 Kg7 36.Qe1 h6 37.b3 Qf6 38.Qe2 Qd8 39.Rb1 Qa5 40.Qc2 Qc3 41.Qxc3 dxc3 
42.Kf2 b5 43.Ke2 Bd2 44.Rf1 Rb7 45.Kd1 b4 46.Ke2 a5 47.Bc2 Rc7 48.Kd3 Rfc8
49.a4 bxa3 50.Ra1 a4 51.Rxa3 axb3 52.Bxb3 Rb8 53.Kc2 Rcb7 54.Rh1 Be3 55.
Rb1 Bc5 56.Ra6 Rf8 57.Rf1 Rbf7 58.Kxc3 Rxf3+ 59.Rxf3 Rxf3+ 60.Kb2 Rf4 61.
Bd1 Rxe4 62.Kc3 Re3+ 63.Kd2 Rg3 64.Rc6 e4 65.Rc7+ Kf6 66.Rh7 Ke5 67.Ke2 
Rh3 68.Rf7 Kd4 69.Rf4 Re3+ 70.Kf1 Kxc4 71.Rf6 Kd3 72.Rxh6 Kd2 73.Ba4 Re1+ 
74.Kg2 Rg1+ 75.Kh2 Rxg4 0-1

[Event "46th World U20 ch"]
[Site "Yerevan ARM"]
[Date "2007.10.06"]
[Round "4.2"]
[White "Howell, David"]
[Black "Stellwagen, Daniel"]
[Result "1/2-1/2"]
[WhiteElo "2527"]
[BlackElo "2639"]
[EventDate "2007.10.03"]
[PlyCount "60"]

1.e4 e6 2.d4 d5 3.Nd2 c5 4.Ngf3 cxd4 5.exd5 Qxd5 6.Bc4 Qd6 7.O-O Nf6 8.Nb3
Nc6 9.Nbxd4 Nxd4 10.Qxd4 Qxd4 11.Nxd4 Bd7 12.Bf4 Rc8 13.Bb3 Bc5 14.Nf3 Ke7
15.Ne5 Rhd8 16.Nxd7 Rxd7 17.Rad1 Rxd1 18.Rxd1 Ne4 19.Bg3 g5 20.Kf1 h5 21.
f3 Nxg3+ 22.hxg3 Rh8 23.Bc4 h4 24.g4 b6 25.Bb5 Bd6 26.Ke2 a5 27.Bc6 f5 28.
Kd3 Kf6 29.Kc4 Bc5 30.c3 Ke5 1/2-1/2

[Event "46th World U20 ch"]
[Site "Yerevan ARM"]
[Date "2007.10.06"]
[Round "4.4"]
[White "Pashikian, Arman"]
[Black "Laznicka, Viktor"]
[Result "1/2-1/2"]
[WhiteElo "2534"]
[BlackElo "2610"]
[EventDate "2007.10.03"]
[PlyCount "116"]

1.d4 d5 2.c4 c6 3.Nf3 Nf6 4.Nc3 a6 5.c5 Nbd7 6.Bf4 Nh5 7.Bd2 Nhf6 8.Qc2 g6
9.g3 e5 10.dxe5 Ng4 11.Bg2 Ngxe5 12.Nxe5 Nxe5 13.O-O Bg7 14.Rad1 O-O 15.
Be3 Bf5 16.Qc1 Re8 17.Bd4 Qc7 18.e4 dxe4 19.Nxe4 Bxe4 20.Bxe4 Rad8 21.Bc3 
Ng4 22.Bxg7 Kxg7 23.Bf3 Ne5 24.Qc3 Kg8 25.Bg2 h5 26.Rfe1 Ng4 27.h3 Rxd1 
28.Rxd1 Nh6 29.b4 Nf5 30.h4 Re5 31.Bf3 Qe7 32.Kg2 Kh7 33.a3 Kg8 34.Qd2 Kg7
35.Qf4 Kh7 36.Kf1 Ne3+ 37.fxe3 Rf5 38.Qxf5 gxf5 39.Kf2 Kg6 40.Rd6+ f6 41.
a4 Qe5 42.Rd4 a5 43.bxa5 Qxc5 44.a6 bxa6 45.Be2 a5 46.Rc4 Qd5 47.Rf4 c5 
48.Bc4 Qd2+ 49.Be2 Kg7 50.Rc4 Qd5 51.Rf4 Kf8 52.Bf3 Qa2+ 53.Be2 Ke7 54.Kf3
Qc2 55.Rc4 Qb3 56.Rf4 Kd6 57.Kf2 Qc2 58.Kf1 Qc1+ 1/2-1/2